Loading...
| History - American | 1 | 2 | 0 | 0 | 35 | 66 | 70.67 | 0 | 2 | 0.00 | 0.00 |
| Fine Arts - Visual | 1 | 1 | 0 | 0 | 25 | 65 | 75.00 | 2 | 2 | 0.00 | 0.00 |
| Literature - European | 1 | 1 | 0 | 0 | 25 | 63 | 69.50 | 0 | 2 | 0.00 | 0.00 |
| Science - Biology | 1 | 1 | 0 | 0 | 25 | 56 | 70.00 | 1 | 1 | 0.00 | 0.00 |
| Literature - British | 1 | 1 | 1 | 0 | 20 | 82 | 91.00 | 0 | 2 | 0.00 | 0.00 |
| Pop Culture | 1 | 0 | 0 | 0 | 15 | 52 | 52.00 | 0 | 1 | 0.00 | 0.00 |
| History - World | 1 | 0 | 0 | 0 | 15 | 68 | 68.00 | 1 | 1 | 0.00 | 0.00 |
| Science - Chemistry | 1 | 0 | 0 | 0 | 15 | 56 | 56.00 | 1 | 1 | 0.00 | 0.00 |
| Fine Arts - Auditory | 0 | 1 | 0 | 1 | 10 | 142 | 142.00 | 0 | 0 | 0.00 | 0.00 |
| Fine Arts - Other | 0 | 1 | 0 | 1 | 10 | 129 | 129.00 | 0 | 0 | 0.00 | 0.00 |
| History - European | 0 | 1 | 0 | 0 | 10 | 81 | 81.00 | 1 | 1 | 0.00 | 0.00 |
| History - Other | 0 | 1 | 0 | 0 | 10 | 124 | 124.00 | 0 | 1 | 0.00 | 0.00 |
| Literature - American | 0 | 1 | 0 | 0 | 10 | 112 | 112.00 | 0 | 1 | 0.00 | 0.00 |
| Literature - World | 0 | 1 | 0 | 0 | 10 | 117 | 117.00 | 0 | 0 | 0.00 | 0.00 |
| Mythology | 0 | 1 | 0 | 0 | 10 | 108 | 108.00 | 1 | 1 | 0.00 | 0.00 |
| Philosophy | 0 | 1 | 0 | 1 | 10 | 135 | 135.00 | 0 | 0 | 0.00 | 0.00 |
| Social Science | 0 | 0 | 1 | 0 | -5 | 0.00 | 0 | 0 | 0.00 | 0.00 |